000 00967nam a2200193Ia 4500
001 3044
003 GE_BSU
008 181216s||||||||xx |||||||||||||| ||und||
040 _cGE_BSU
245 _aСправочник по пожарной безопасности и противопожарной защите на предприятиях химической, нефтеперерабатывающей и нефтехимической промышленности.
245 _cРед. М.М.Браславская.
260 _aМ.
260 _bХимия.
260 _c1975.
300 _a456 стр. 21см.
300 _e104 табл. 78 рис.
653 _aСправочник по пожарной безопасности и противопожарной защите на предприятиях химической, нефтеперерабатывающей и нефтехимической промышленности.
942 _cBK
999 _c37088
_d37088